| 000 | 00876nam a22003377a 4500 | ||
|---|---|---|---|
| 001 | BR6000625 | ||
| 003 | BR-BrBNA | ||
| 005 | 20230928083035.0 | ||
| 007 | ta | ||
| 008 | 230509b bl.||||| |||| 00| 0 por d | ||
| 040 |
_aBR-BrBNA _bpor _cBiblioteca Nacional de Agricultura |
||
| 041 | _a(Por) | ||
| 072 |
_aE70; E15 _b0470 _b0590 _b/G514 |
||
| 090 | _ 0470 BR6000625 | ||
| 100 | 1 | _aAnon. | |
| 245 | 1 | _aJuta e malva. Precos minimos - Norte e Nordeste. Safra 71/72 [Brasil] | |
| 260 | 3 |
_aBrasilia, DF (Brasil): _c1971. |
|
| 300 | _a16 p. | ||
| 500 | _a11 illus. | ||
| 650 | _aJUTA | ||
| 650 | _aMALVA | ||
| 650 | _aPRECO MINIMO | ||
| 650 | _aCUSTO DE PRODUCAO | ||
| 650 | _aSAFRA | ||
| 650 | _aMERCADO INTERNACIONAL | ||
| 650 | _aEXPORTACAO | ||
| 650 | _aREGIAO NORTE | ||
| 650 | _aREGIAO NORDESTE | ||
| 909 |
_a202309 _bLucia _c55 _dLucia Elande |
||
| 942 | _cBK | ||
| 999 |
_c11235 _d11235 |
||